[Event "Vaujany 2022 Principal"]
[Site "Vaujany"]
[Date "2022.07.14"]
[Round "1.1"]
[White "Bat, Bilgun"]
[Black "Bauer, Christian"]
[Result "0-1"]
[WhiteElo "2162"]
[BlackElo "2609"]
[PlyCount "30"]
[EventDate "2022.07.14"]
[EventType "swiss"]
[EventRounds "9"]
[EventCountry "FRA"]
[SourceVersionDate "2022.07.14"]

{[%evp 0,30,27,29,29,27,56,39,25,1,-2,0,15,9,42,22,28,4,-3,-28,19,-22,-22,-22,
-20,-52,-61,-51,-51,-173,-205,-211,-200]} 1. d4 Nf6 2. Nf3 d6 3. c4 g6 4. e3
Bg7 5. Be2 O-O 6. Nc3 Nc6 7. d5 Nb4 8. a3 Na6 9. Nd4 e5 10. dxe6 fxe6 11. O-O
e5 12. Ndb5 Nc5 13. b4 Ne6 14. Nd5 Ne8 15. Nbc3 c6 0-1

[Event "Vaujany 2022 Principal"]
[Site "?"]
[Date "2022.07.14"]
[Round "1.2"]
[White "Hamdouchi, Hicham"]
[Black "Roulet-Dubonnet, Emerik Vapenstad"]
[Result "1-0"]
[WhiteElo "2536"]
[BlackElo "2162"]
[PlyCount "57"]
[SourceVersionDate "2022.07.14"]

{[%evp 0,57,29,12,40,41,52,40,40,19,25,-6,-5,-23,-18,3,16,3,13,15,45,29,64,33,
28,5,124,95,97,74,85,62,95,107,100,105,226,215,193,147,447,449,559,663,704,379,
398,379,367,359,881,894,29993,29994,29995,29996,29997,29998,29999,-30000]} 1.
e4 c5 2. Nc3 Nc6 3. Bb5 e6 4. Bxc6 bxc6 5. f4 d5 6. d3 Nf6 7. Nf3 Be7 8. O-O
Ba6 9. e5 Ng8 10. b3 h5 11. Na4 Bb5 12. Nb2 c4 13. bxc4 dxc4 14. Nxc4 Bxc4 15.
dxc4 Bc5+ 16. Kh1 Nh6 17. Ng5 Bd4 18. Rb1 Nf5 19. c3 Bxc3 20. Qf3 Bd4 21. Qxc6+
Kf8 22. Rb7 Qe8 23. Rxf7+ Kg8 24. Qe4 h4 25. Rxf5 exf5 26. Qd5+ Kf8 27. Ba3+
Bc5 28. Bxc5+ Qe7 29. Qf7# 1-0

[Event "Vaujany 2022 Principal"]
[Site "Vaujany"]
[Date "2022.07.14"]
[Round "1.3"]
[White "Bianchi, Guillaume"]
[Black "Sengupta, Deep"]
[Result "0-1"]
[WhiteElo "2121"]
[BlackElo "2534"]
[PlyCount "64"]
[EventDate "2022.07.14"]
[EventType "swiss"]
[EventRounds "9"]
[EventCountry "FRA"]
[SourceVersionDate "2022.07.14"]

{[%evp 0,64,21,35,25,0,0,3,25,31,30,12,8,17,15,0,1,7,1,1,2,2,2,-10,-10,-12,18,
-15,3,6,0,-28,-14,-31,-4,-13,-3,-21,-11,-37,14,6,47,34,55,-19,7,-4,0,0,0,19,30,
13,-10,-22,-113,-179,-173,-368,-390,-390,-481,-560,-562,-944,-970]} 1. d4 Nf6
2. c4 e6 3. Nf3 b6 4. a3 Bb7 5. Nc3 d5 6. cxd5 Nxd5 7. Qc2 Nxc3 8. bxc3 Be7 9.
e4 O-O 10. Bd3 c5 11. O-O Qc7 12. Qe2 Nd7 13. a4 Rfd8 14. e5 Nf8 15. Rd1 Ng6
16. Be3 Bd5 17. Nd2 Rac8 18. Ne4 Qc6 19. f3 cxd4 20. cxd4 Bb3 21. Rdc1 Qd5 22.
Nc3 Qa5 23. Nb5 Rxc1+ 24. Rxc1 Qxa4 25. Rc7 a6 26. Na7 Bf8 27. Bxa6 Ne7 28. Rb7
Nf5 29. Bf2 Nxd4 30. Qf1 b5 31. Bxb5 Nxb5 32. Rxb5 Bc4 0-1

[Event "Vaujany 2022 Principal"]
[Site "?"]
[Date "2022.07.14"]
[Round "1.4"]
[White "Degraeve, Jean-Marc"]
[Black "Schlupp, Olivier"]
[Result "1-0"]
[WhiteElo "2519"]
[BlackElo "2121"]
[PlyCount "60"]
[SourceVersionDate "2022.07.14"]

1. e4 c5 2. Nf3 d6 3. Bb5+ Bd7 4. Bxd7+ Qxd7 5. O-O Nc6 6. c3 Nf6 7. d4 cxd4 8.
cxd4 g6 9. d5 Ne5 10. Nxe5 dxe5 11. Nc3 Bg7 12. Qb3 O-O 13. a4 Ne8 14. a5 Nd6
15. Ra4 f5 16. f3 f4 17. Bd2 g5 18. h3 h5 19. Rb4 g4 20. hxg4 hxg4 21. fxg4 Bf6
22. Nb5 Rf7 23. Rf3 Rg7 24. Rh3 Qxg4 25. Qf3 Rc8 26. Nxd6 Qxf3 27. Rxf3 exd6
28. Bc3 Bd8 29. Ra4 b5 30. axb6 Bxb6+ {...} 1-0

[Event "Vaujany 2022 Principal"]
[Site "?"]
[Date "2022.07.14"]
[Round "1.5"]
[White "Rey, Christophe"]
[Black "Bailet, Pierre"]
[Result "0-1"]
[WhiteElo "2093"]
[BlackElo "2508"]
[PlyCount "132"]
[SourceVersionDate "2022.07.14"]

1. d4 Nf6 2. Nf3 g6 3. g3 Bg7 4. Bg2 O-O 5. O-O d6 6. c4 Nc6 7. Nc3 Bf5 8. d5
Na5 9. Nd2 c5 10. e4 Bd7 11. Qc2 a6 12. b3 b5 13. Bb2 Rb8 14. h3 e5 15. dxe6
Bxe6 16. cxb5 axb5 17. Rad1 Qc8 18. Nd5 Bxd5 19. exd5 Re8 20. Rfe1 Qd7 21. Bc3
b4 22. Ba1 Re7 23. Nf1 Rbe8 24. Qc1 Nh5 25. Bxg7 Nxg7 26. Ne3 Nf5 27. Ng4 Rxe1+
28. Rxe1 Rxe1+ 29. Qxe1 Qd8 30. Qd2 Qe7 31. h4 h5 32. Nh2 Nd4 33. Nf3 Ne2+ 34.
Kh2 Nc3 35. Ng5 Qe5 36. Qd3 c4 37. bxc4 Nb7 38. f4 Qe1 39. Qd4 Qxg3+ 40. Kxg3
Ne2+ 41. Kf2 Nxd4 42. Ne4 Kf8 43. f5 Nxf5 44. Bh3 Ne7 45. Ke3 f5 46. Nf2 Na5
47. Kd4 b3 48. axb3 Nxb3+ 49. Kc3 Nc5 50. Kd4 Nc8 51. Bg2 Ke7 52. Nh3 Kf6 53.
Nf4 Nb6 54. Bf3 Nbd7 55. Nh3 Ne5 56. Be2 Ne4 57. Nf4 Nd2 58. Ng2 g5 59. Bxh5 g4
60. Be8 Ndxc4 61. Kc3 Nb6 62. Bc6 Ng6 63. Kb4 f4 64. h5 f3 65. Ne3 Ne5 66. Kb5
g3 0-1

[Event "Vaujany 2022 Principal"]
[Site "Vaujany"]
[Date "2022.07.14"]
[Round "1.6"]
[White "Das, Arghyadip"]
[Black "Bosc, Seraphina"]
[Result "1-0"]
[WhiteElo "2474"]
[BlackElo "2082"]
[PlyCount "81"]
[EventDate "2022.07.14"]
[EventType "swiss"]
[EventRounds "9"]
[EventCountry "FRA"]
[SourceVersionDate "2022.07.14"]

{[%evp 0,81,27,21,24,24,24,-45,56,33,37,2,11,16,23,-26,18,-24,37,37,45,38,107,
64,65,56,91,86,83,75,108,76,89,93,132,136,134,62,76,84,96,85,121,112,149,149,
294,380,374,122,122,95,95,204,204,204,204,206,206,107,105,105,95,92,129,134,
149,148,148,167,200,200,178,174,173,133,132,117,117,105,423,422,444,446]} 1. e4
e5 2. Nf3 Nf6 3. d3 c6 4. Nbd2 d6 5. g3 h6 6. Bg2 Be6 7. d4 Qc7 8. h3 Be7 9. b3
Qa5 10. O-O exd4 11. Nxd4 Nbd7 12. Bb2 O-O-O 13. f4 Nc5 14. Qe2 Rhe8 15. a3 Qb6
16. Kh2 Bf8 17. Nxe6 Nxe6 18. c4 Kb8 19. b4 Nd7 20. Rad1 f5 21. Qf3 fxe4 22.
Nxe4 Ndc5 23. bxc5 Qxb2 24. Rb1 Qc2 25. Rfc1 Qa4 26. Nc3 Qa6 27. Qxc6 Qxc6 28.
Bxc6 Re7 29. cxd6 Rxd6 30. Bd5 Nc5 31. Re1 Ra6 32. Nb5 Nd3 33. Rxe7 Bxe7 34.
Rb3 Nc5 35. Re3 Bd8 36. Re8 Kc8 37. f5 Kd7 38. Rf8 Bf6 39. Rf7+ Kc8 40. Rc7+
Kb8 41. Rxc5 1-0

[Event "Vaujany 2022 Principal"]
[Site "Vaujany"]
[Date "2022.07.14"]
[Round "1.7"]
[White "Sabatier, Mathies"]
[Black "Das, Sayantan"]
[Result "0-1"]
[WhiteElo "2075"]
[BlackElo "2449"]
[PlyCount "102"]
[EventDate "2022.07.14"]
[EventType "swiss"]
[EventRounds "9"]
[EventCountry "FRA"]
[SourceVersionDate "2022.07.14"]

{[%evp 0,92,19,38,27,30,47,-10,32,30,61,40,43,19,31,40,47,14,14,36,32,18,52,26,
55,48,23,-31,-31,-22,-3,-1,15,-3,0,0,16,14,13,19,9,-23,-2,-11,-18,3,-19,-9,-19,
-83,-68,-93,-75,-117,-124,-132,-94,-81,-80,-109,-103,-98,-84,-100,-100,-90,-78,
-159,-122,-146,-94,-122,-127,-196,-176,-205,-172,-183,-146,-159,-115,-169,-145,
-162,-126,-162,-167,-234,-250,-244,-256,-307,-184,-566,-652]} 1. d4 Nf6 2. Nf3
g6 3. Nbd2 Bg7 4. e4 d5 5. Bd3 dxe4 6. Nxe4 Nxe4 7. Bxe4 c5 8. c3 cxd4 9. Nxd4
O-O 10. O-O Qc7 11. Qf3 a6 12. Re1 Nd7 13. Bf4 e5 14. Bg3 Nb6 15. Bc2 Bd7 16.
Bb3 a5 17. a4 Qc5 18. Nc2 Bc6 19. Qe3 Nd7 20. Rad1 Qxe3 21. Nxe3 Nc5 22. Bc2
Nxa4 23. Nc4 f6 24. Ra1 b5 25. Bxa4 bxa4 26. Nb6 Rab8 27. Nxa4 Rb5 28. f3 Rd8
29. Red1 Rxd1+ 30. Rxd1 Rb7 31. Ra1 Bh6 32. h4 Be3+ 33. Kh2 Kf7 34. Be1 Bf4+
35. Bg3 Bd2 36. h5 gxh5 37. Bh4 Bf4+ 38. Bg3 Bg5 39. Be1 h4 40. c4 Bf4+ 41. Kg1
Bxa4 42. Rxa4 Rxb2 43. Bxa5 Be3+ 44. Kh2 Rb1 45. c5 Bf2 46. Bd8 h5 47. g4 hxg3+
48. Kg2 Rg1+ 49. Kh3 Rh1+ 50. Kg2 Rh2+ 51. Kf1 Bxc5 0-1

[Event "Vaujany 2022 Principal"]
[Site "?"]
[Date "2022.07.14"]
[Round "1.8"]
[White "Can, Isik"]
[Black "Dreelinck, Jacob"]
[Result "1-0"]
[WhiteElo "2445"]
[BlackElo "2074"]
[PlyCount "95"]
[SourceVersionDate "2022.07.14"]

1. e4 e6 2. d4 d5 3. Nd2 Nf6 4. e5 Nfd7 5. Ngf3 c5 6. c3 Nc6 7. Bd3 g6 8. h4 h6
9. O-O g5 10. hxg5 hxg5 11. g4 Be7 12. Kg2 Qb6 13. Qa4 Nf8 14. dxc5 Qc7 15. Nd4
Bd7 16. Nb5 Qb8 17. Nf3 Nxe5 18. Nxe5 Qxe5 19. f4 Qb8 20. Qa5 Bd8 21. Qb4 Be7
22. Nd6+ Bxd6 23. cxd6 Rh4 24. fxg5 e5 25. Bf5 a5 26. Qc5 Ne6 27. Qf2 Rh8 28.
g6 Qxd6 29. gxf7+ Kf8 30. Bxe6 Qxe6 31. Qc5+ Kg7 32. Rf5 Bc6 33. Bg5 d4+ 34.
Kg3 b6 35. Rxe5 Qxg4+ 36. Kxg4 bxc5 37. Rf1 Bd7+ 38. Kg3 Rh3+ 39. Kg2 Rd3 40.
f8=Q+ Rxf8 41. Re7+ Kg6 42. Rxf8 Bc6+ 43. Kf2 dxc3 44. bxc3 Kxg5 45. Rg7+ Kh6
46. Rg3 Rxg3 47. Kxg3 Be4 48. Rc8 1-0

[Event "Vaujany 2022 Principal"]
[Site "Vaujany"]
[Date "2022.07.14"]
[Round "1.9"]
[White "Breuil, Tristan"]
[Black "Horvath, Jozsef"]
[Result "0-1"]
[WhiteElo "2072"]
[BlackElo "2433"]
[PlyCount "88"]
[EventDate "2022.07.14"]
[EventType "swiss"]
[EventRounds "9"]
[EventCountry "FRA"]
[SourceVersionDate "2022.07.14"]

{[%evp 0,88,21,21,46,50,112,82,86,91,93,71,120,38,75,23,52,52,53,44,56,14,14,5,
26,-37,-7,-32,-27,-139,28,-11,-6,18,39,-6,-22,-81,11,0,-4,-24,-13,-18,-18,-3,
44,-7,-13,3,-12,1,33,-7,44,-7,0,-16,-18,-104,-73,-66,-98,-76,-166,-174,48,-21,
-160,-168,162,64,64,71,85,0,0,-371,-382,-382,-367,-367,-389,-409,-408,-428,
-408,-29981,-29982,-29983,-29984]} 1. e4 c5 2. Nf3 b6 3. d4 cxd4 4. Nxd4 Bb7 5.
Nc3 Nf6 6. Bd3 e5 7. Nde2 d6 8. O-O Nbd7 9. Ng3 g6 10. f4 a6 11. f5 b5 12. Qe2
Bg7 13. Kh1 h5 14. Kg1 Nc5 15. fxg6 fxg6 16. Nd5 O-O 17. Bg5 Ne6 18. Be3 Ng4
19. Rxf8+ Bxf8 20. h3 Nxe3 21. Qxe3 Bg7 22. Rf1 Rc8 23. Qf2 Nf4 24. Nxf4 exf4
25. Qxf4 Qe7 26. b3 Rc5 27. Kh1 Re5 28. Qf3 Re6 29. Rf2 Bd4 30. Rd2 Qg5 31. Bc4
bxc4 32. Rxd4 h4 33. Ne2 Rf6 34. Qg4 Qc5 35. Rd1 cxb3 36. cxb3 Qe3 37. Ng1 Bxe4
38. Qc8+ Kg7 39. Qd7+ Kh6 40. Qg4 Rf4 41. Re1 Bxg2+ 42. Kh2 Qf2 43. Re2 Be4+
44. Rxf2 Rxf2+ 0-1

[Event "Vaujany 2022 Principal"]
[Site "?"]
[Date "2022.07.14"]
[Round "1.10"]
[White "Philippe, Guillaume"]
[Black "Lemasle, Raphael"]
[Result "1-0"]
[WhiteElo "2413"]
[BlackElo "2065"]
[PlyCount "41"]
[SourceVersionDate "2022.07.14"]

1. e4 e6 2. Nf3 d5 3. e5 c5 4. b4 b6 5. c3 Ne7 6. d4 Nf5 7. a3 Be7 8. Bd3 O-O
9. g4 Nh4 10. Nxh4 Bxh4 11. g5 Bxg5 12. Qh5 h6 13. f4 Bh4+ 14. Ke2 f5 15. Rg1
Kh8 16. Be3 cxd4 17. cxd4 Bd7 18. Rg6 Kh7 19. Rg4 Kg8 20. Qxh6 Qe7 21. Qxh4 1-0

[Event "Vaujany 2022 Principal"]
[Site "Vaujany"]
[Date "2022.07.14"]
[Round "1.11"]
[White "Adrian, Leopold"]
[Black "Flear, Glenn C"]
[Result "0-1"]
[WhiteElo "2074"]
[BlackElo "2409"]
[Annotator "Flear,Glenn"]
[PlyCount "52"]
[EventDate "2022.07.14"]
[EventType "swiss"]
[EventRounds "9"]
[EventCountry "FRA"]
[SourceVersionDate "2022.07.14"]

1. Nf3 d5 2. c4 e6 3. d4 c6 4. g3 dxc4 5. Bg2 b5 6. O-O Bb7 7. a4 Nf6 8. b3 (8.
Ne5 $44) 8... cxb3 9. Qxb3 b4 10. a5 c5 11. Bd2 Bd5 12. Qa4+ Bc6 13. Qb3 Nbd7
14. Rd1 Rc8 15. dxc5 Bxc5 16. Bg5 Bd5 17. Qa4 O-O 18. e4 Bc6 19. Qb3 Qc7 20.
Nd4 Bxe4 21. Bxe4 Nxe4 22. Nxe6 fxe6 23. Qxe6+ Kh8 24. Qxe4 Rce8 25. Qd5 Rxf2
26. Kh1 Ree2 0-1

[Event "Vaujany 2022 Principal"]
[Site "Vaujany"]
[Date "2022.07.14"]
[Round "1.13"]
[White "Greget, Mathias"]
[Black "Barua, Dibyendu"]
[Result "0-1"]
[WhiteElo "2041"]
[BlackElo "2393"]
[Annotator "promoechecs"]
[PlyCount "57"]
[EventDate "2022.07.14"]
[EventType "swiss"]
[EventRounds "9"]
[EventCountry "FRA"]
[SourceVersionDate "2022.07.14"]

1. d4 d5 2. c4 e6 3. Nf3 Nf6 4. g3 Bb4+ 5. Bd2 Be7 6. Bg2 O-O 7. Qc2 b6 8. cxd5
exd5 9. O-O c5 10. dxc5 bxc5 11. Nc3 Bb7 12. Na4 Nbd7 13. Rfc1 Ne4 14. Be1 f5
15. Rab1 Rc8 16. Qd1 (16. Rd1) 16... Nb6 17. b4 cxb4 18. Rxc8 Bxc8 19. Bxb4
Nxa4 20. Qxa4 Qb6 21. Bxe7 Qxb1+ 22. Bf1 f4 23. Kg2 Bh3+ 24. Kxh3 Qxf1+ 25. Kh4
fxg3 26. fxg3 Qc1 27. Bxf8 Qh6+ 28. Kg4 Nf2+ 29. Kf5 0-1

[Event "Vaujany 2022 Principal"]
[Site "Vaujany"]
[Date "2022.07.14"]
[Round "1.14"]
[White "Guilleux, Fabien"]
[Black "Beurois, Alexandre"]
[Result "1-0"]
[WhiteElo "2392"]
[BlackElo "2026"]
[PlyCount "55"]
[EventDate "2022.07.14"]
[EventType "swiss"]
[EventRounds "9"]
[EventCountry "FRA"]
[SourceVersionDate "2022.07.14"]

1. e4 c5 2. Nf3 e6 3. c4 b6 4. Nc3 Bb7 5. d4 cxd4 6. Nxd4 d6 7. g3 Nf6 8. Bg2
Nfd7 9. O-O Be7 10. Re1 O-O 11. b3 Nc6 12. Nde2 Nc5 13. f4 Bf6 14. Be3 a6 15.
Rb1 Qc7 16. Qd2 Rfd8 17. Rec1 Rac8 18. b4 Nd7 19. Nd5 exd5 20. cxd5 Qb8 21.
dxc6 Rxc6 22. Rxc6 Bxc6 23. Nd4 Ba8 24. Rc1 Bxd4 25. Bxd4 b5 26. Qc3 Nb6 27.
Bh3 Bxe4 28. Qe3 1-0

[Event "Vaujany 2022 Principal"]
[Site "Vaujany"]
[Date "2022.07.14"]
[Round "1.24"]
[White "Ongut, Tamas Gunes"]
[Black "Jaulin, Marc"]
[Result "1-0"]
[WhiteElo "2307"]
[BlackElo "1977"]
[Annotator "promoechecs"]
[PlyCount "41"]
[EventDate "2022.07.14"]
[EventType "swiss"]
[EventRounds "9"]
[EventCountry "FRA"]
[SourceVersionDate "2022.07.14"]

{[%evp 0,41,27,30,30,-16,25,34,37,35,35,38,44,46,46,15,26,17,14,-28,43,-18,14,
25,79,77,71,72,35,46,38,47,88,64,96,61,59,84,84,91,97,101,136,181]} 1. d4 Nf6
2. c4 c5 3. d5 e5 4. Nc3 d6 5. e4 Be7 6. Be2 Nbd7 7. h4 O-O 8. g4 Ne8 9. Be3 a6
10. a4 Rb8 11. Nf3 Kh8 12. g5 Nb6 13. Nd2 f5 14. exf5 Bxf5 15. Nde4 Qc8 16. Ng3
Bd7 17. Bd3 Bg4 18. Qc2 Bf3 19. Rh2 Qg4 20. a5 Nxc4 21. Bxc4 {Abandon} (21.
Bxc4 Qxc4 22. Ra4) 1-0

[Event "Vaujany 2022 Principal"]
[Site "?"]
[Date "2022.07.14"]
[Round "1.25"]
[White "Rebut, Paul"]
[Black "Dudognon, Thibault"]
[Result "0-1"]
[WhiteElo "1943"]
[BlackElo "2302"]
[PlyCount "48"]
[SourceVersionDate "2022.07.14"]

1. d4 d5 2. Bf4 Nf6 3. e3 c5 4. Nd2 Nc6 5. c3 Bf5 6. Ngf3 cxd4 7. exd4 e6 8.
Qb3 Bd6 9. Qxb7 Bxf4 10. Qxc6+ Kf8 11. Ne5 g5 12. Qb7 Bxe5 13. dxe5 Nd7 14. Nf3
Be4 15. Nd4 Nxe5 16. f3 Bg6 17. O-O-O Rb8 18. Qa6 Qf6 19. Rd2 Kg7 20. Be2 Rhc8
21. Qa3 Qf4 22. Kd1 Qe3 23. Nc2 Rxc3 24. Nxe3 Rxa3 0-1

[Event "Vaujany 2022 Principal"]
[Site "?"]
[Date "2022.07.14"]
[Round "1.29"]
[White "Martin, Nils"]
[Black "Bokorovics, Bertalan"]
[Result "1/2-1/2"]
[WhiteElo "1892"]
[BlackElo "2263"]
[PlyCount "125"]
[SourceVersionDate "2022.07.14"]

1. e4 c5 2. Nf3 d6 3. Bb5+ Nd7 4. O-O a6 5. Bd3 Ngf6 6. c3 b5 7. Bc2 Bb7 8. Re1
c4 9. a4 e6 10. axb5 axb5 11. Rxa8 Qxa8 12. Na3 Bxe4 13. Bxe4 Nxe4 14. d3 cxd3
15. Nxb5 Qb7 16. Qxd3 d5 17. c4 Bc5 18. Be3 O-O 19. cxd5 exd5 20. Bxc5 Ndxc5
21. Qe2 Rb8 22. Nc3 h6 23. h3 Qb3 24. Nxe4 Nxe4 25. Nd2 Nxd2 26. Qxd2 Qc4 27.
Rd1 Rb5 28. Rc1 Qe4 29. Rd1 h5 30. Qc3 Qf4 31. Rd4 Qe5 32. Qd2 g6 33. b4 Kh7
34. Kh1 Kg7 35. Kg1 Qf5 36. Kh1 Qb1+ 37. Kh2 Kg8 38. Rxd5 Rxd5 39. Qxd5 Qxb4
40. Qf3 Kg7 41. Qg3 h4 42. Qe5+ f6 43. Qc7+ Kh6 44. Qc1+ g5 45. Qe3 Qd6+ 46.
Kg1 Kg6 47. Qe8+ Kf5 48. Qb5+ Ke4 49. Qe2+ Kf5 50. Qb5+ Qe5 51. Qd7+ Kg6 52.
Qd3+ Kh6 53. Qf3 Kg6 54. Qd3+ f5 55. Qa6+ Qf6 56. Qa8 Qe6 57. Qf3 g4 58. Qf4
Kh5 59. Kh2 Qg6 60. hxg4+ fxg4 61. Qe5+ Qg5 62. Qxg5+ Kxg5 63. f3 1/2-1/2

[Event "Vaujany 2022 Principal"]
[Site "?"]
[Date "2022.07.14"]
[Round "1.44"]
[White "Fodor, Balazs"]
[Black "Van Foreest, Nanne"]
[Result "1-0"]
[WhiteElo "2166"]
[BlackElo "1815"]
[PlyCount "163"]
[SourceVersionDate "2022.07.14"]

1. d4 Nf6 2. c4 g6 3. g3 Bg7 4. Bg2 c5 5. d5 e5 6. Nc3 d6 7. e4 O-O 8. Nf3 Nh5
9. O-O h6 10. Ne1 f5 11. exf5 Nf6 12. fxg6 Bf5 13. Nf3 Bxg6 14. Nh4 Bh7 15. Bh3
Nbd7 16. Nf5 Bxf5 17. Bxf5 Qe7 18. Be6+ Kh8 19. Qe2 Rae8 20. Be3 Nb8 21. Qd2
Nc6 22. dxc6 Qxe6 23. Bxh6 Rf7 24. Nd5 Ng4 25. Bxg7+ Rxg7 26. f3 bxc6 27. fxg4
cxd5 28. cxd5 Qxg4 29. Qh6+ Kg8 30. Qxd6 Qd4+ 31. Rf2 e4 32. Re1 e3 33. Rfe2
Rg5 34. Qd7 Rge5 35. Rf1 Qxd5 36. Qxd5+ Rxd5 37. Kg2 Rd2 38. Rxd2 exd2 39. Rd1
Re2+ 40. Kf3 Rxh2 41. Ke3 Rg2 42. Rxd2 Rxg3+ 43. Ke4 Rg5 44. Rd8+ Kf7 45. Rd7+
Ke6 46. Rxa7 Rg4+ 47. Kd3 Kd5 48. Rd7+ Kc6 49. Re7 Kd5 50. Re3 Rb4 51. Kc2 Rf4
52. Rh3 Kc4 53. a3 Rg4 54. Kb1 Kd4 55. Ka2 c4 56. a4 Kc5 57. Ka3 Rg1 58. Rh5+
Kd4 59. Kb4 Rg2 60. Ka3 Rg3+ 61. Ka2 c3 62. Rh4+ Kd3 63. bxc3 Kxc3 64. a5 Rg2+
65. Ka3 Rg1 66. Ka4 Rb1 67. a6 Ra1+ 68. Kb5 Rb1+ 69. Ka5 Rg1 70. Ra4 Rg5+ 71.
Kb6 Rg6+ 72. Kc5 Rg5+ 73. Kd6 Rg6+ 74. Ke5 Rg5+ 75. Kf6 Rg8 76. a7 Ra8 77. Ke6
Kb3 78. Ra1 Kb4 79. Kd6 Kb5 80. Kc7 Kc5 81. Kb7 Rh8 82. a8=Q 1-0

[Event "Vaujany 2022 Principal"]
[Site "?"]
[Date "2022.07.15"]
[Round "2.1"]
[White "Bauer, Christian"]
[Black "Ongut, Tamas Gunes"]
[Result "1-0"]
[WhiteElo "2609"]
[BlackElo "2307"]
[PlyCount "75"]
[SourceVersionDate "2022.07.14"]

1. d4 Nf6 2. Nf3 g6 3. Bf4 Bg7 4. Nc3 d5 5. Nb5 Na6 6. e3 O-O 7. h3 Ne4 8. c3
c6 9. Na3 Qb6 10. Qb3 f6 11. Be2 e5 12. Bh2 Re8 13. O-O exd4 14. cxd4 Be6 15.
Nb1 Nb8 16. Nc3 Nd7 17. Qc2 f5 18. Na4 Qd8 19. b4 g5 20. Bd3 Bf7 21. Nc5 g4 22.
hxg4 fxg4 23. Nd2 Ndxc5 24. bxc5 Qh4 25. Nxe4 dxe4 26. Bc4 Rad8 27. Rab1 Bd5
28. Rxb7 Re6 29. Bg3 Qh5 30. Rfb1 Rh6 31. Kf1 Qh1+ 32. Ke2 Qxg2 33. Rb8 Rxb8
34. Rxb8+ Kf7 35. Rb7+ Kg6 36. Bxd5 cxd5 37. Qa4 Qf3+ 38. Kd2 1-0

[Event "Vaujany 2022 Principal"]
[Site "?"]
[Date "2022.07.15"]
[Round "2.2"]
[White "Le Goff, Ronan"]
[Black "Hamdouchi, Hicham"]
[Result "0-1"]
[WhiteElo "2309"]
[BlackElo "2536"]
[PlyCount "120"]
[SourceVersionDate "2022.07.14"]

1. d4 Nf6 2. Nf3 g6 3. g3 Bg7 4. Bg2 O-O 5. O-O d5 6. c4 dxc4 7. Na3 c3 8. bxc3
c5 9. Re1 Nc6 10. Bb2 Nd5 11. e4 Nb6 12. h3 Na5 13. Rb1 Bd7 14. Ba1 Rc8 15. d5
a6 16. Qc1 c4 17. Nc2 Na4 18. Nb4 e5 19. dxe6 fxe6 20. Qe3 Qe7 21. Red1 Rfd8
22. h4 Nc5 23. Bb2 Nd3 24. Ba3 Ba4 25. Rf1 Qc5 26. Nd4 Bxd4 27. cxd4 Qxd4 28.
Bh3 Nc5 29. Nd5 Qxe3 30. Nxe3 b5 31. Bb2 h5 32. f4 Rd3 33. Nd5 Rxg3+ 34. Kh2
Rxh3+ 35. Kxh3 exd5 36. Rg1 Kf7 37. f5 Nxe4 38. fxg6+ Kg8 39. Rbf1 Nc6 40. Rf5
c3 41. Bc1 Nd4 42. Rxh5 Ne2 43. Rf1 Kg7 44. Rf7+ Kxg6 45. Rhh7 Nf6 46. Rhg7+
Kf5 47. Ba3 Rc6 48. Re7 Nf4+ 49. Kh2 Ng6 50. Re1 Nxh4 51. Rf1+ Ke4 52. Re7+ Kd3
53. Kg3 Ng6 54. Rf3+ Kc4 55. Re1 Ne4+ 56. Kh2 Ne5 57. Rh3 Rg6 58. Rb1 Ng4+ 59.
Kg2 Ngf2+ 60. Kf3 Nxh3 0-1

[Event "Vaujany 2022 Principal"]
[Site "Vaujany"]
[Date "2022.07.15"]
[Round "2.3"]
[White "Sengupta, Deep"]
[Black "Van Foreest, Machteld"]
[Result "1-0"]
[WhiteElo "2534"]
[BlackElo "2299"]
[PlyCount "69"]
[EventDate "2022.07.14"]
[EventType "swiss"]
[EventRounds "9"]
[EventCountry "FRA"]
[SourceVersionDate "2022.07.14"]

{[%evp 0,69,29,21,50,50,52,8,31,43,38,15,7,16,21,24,31,21,51,42,48,48,48,49,55,
47,66,86,95,74,94,60,76,76,69,70,70,70,72,82,54,40,106,29,133,164,171,122,126,
117,159,159,172,172,172,172,172,172,172,172,208,215,344,329,29985,29986,29987,
29988,29989,29990,29991,29992]} 1. e4 c5 2. Nf3 e6 3. c3 Nf6 4. e5 Nd5 5. Bc4
Nb6 6. Bb3 c4 7. Bc2 d6 8. O-O Nc6 9. exd6 Bxd6 10. d4 cxd3 11. Qxd3 Bc7 12.
Qe2 h6 13. Rd1 Qf6 14. Nbd2 Ne5 15. Re1 Nxf3+ 16. Nxf3 Bd7 17. Be4 Rb8 18. a4
O-O 19. Be3 a6 20. Bd4 Qe7 21. a5 Nc8 22. Bc2 Nd6 23. Qd3 f5 24. Ne5 Ne4 25.
Rxe4 fxe4 26. Qxe4 Rf5 27. Nxd7 Qxd7 28. Bb3 Rd5 29. Re1 Qd6 30. g3 Rg5 31. f4
Qxf4 32. Qxe6+ Kh7 33. Bc2+ Kh8 34. Qxh6+ Kg8 35. Bb3+ 1-0

[Event "Vaujany 2022 Principal"]
[Site "?"]
[Date "2022.07.15"]
[Round "2.4"]
[White "Dudognont, Thibault"]
[Black "Degraeve, Jean-Marc"]
[Result "1/2-1/2"]
[WhiteElo "2302"]
[BlackElo "2519"]
[PlyCount "115"]
[SourceVersionDate "2022.07.14"]

1. e4 c5 2. Nf3 e6 3. c3 Nf6 4. e5 Nd5 5. d4 cxd4 6. cxd4 d6 7. Bc4 Nb6 8. Bb3
dxe5 9. Nxe5 Nc6 10. Qf3 Bb4+ 11. Bd2 Bxd2+ 12. Nxd2 O-O 13. Nxc6 bxc6 14. Qd3
a5 15. Bc2 g6 16. Ne4 Ba6 17. Qd2 Nd5 18. Nc5 Bb5 19. h4 a4 20. h5 Qa5 21. Qxa5
Rxa5 22. Kd2 Ra7 23. hxg6 hxg6 24. Rh4 Kg7 25. Rah1 Nf6 26. R1h3 Rd8 27. Rg3
Rd5 28. Nxe6+ fxe6 29. Rxg6+ Kf7 30. Rf4 Rf5 31. Bxf5 exf5 32. Rh6 Kg7 33. Rh3
Ne4+ 34. Kc2 Rd7 35. Rxf5 Rxd4 36. Re3 Rd2+ 37. Kc1 Bd3 38. Rg5+ Kf6 39. Rc5
Nxc5 40. Kxd2 Bc4 41. Kc2 Bxa2 42. Rc3 Bb3+ 43. Kc1 Ne6 44. Rxc6 Ke5 45. Kd2
Bd5 46. Rc3 Bxg2 47. Rc4 Nf4 48. Rxa4 Nd5 49. Rg4 Be4 50. Rg5+ Kd4 51. Rg3 Nb6
52. b3 Nd5 53. Rh3 Ke5 54. Rh4 Bf5 55. f3 Nf4 56. Kc3 Be6 57. Kb4 Bd5 58. Rxf4
1/2-1/2

[Event "Vaujany 2022 Principal"]
[Site "Vaujany"]
[Date "2022.07.15"]
[Round "2.5"]
[White "Bailet, Pierre"]
[Black "Joly, Julien"]
[Result "1-0"]
[WhiteElo "2508"]
[BlackElo "2252"]
[PlyCount "63"]
[EventDate "2022.07.14"]
[EventType "swiss"]
[EventRounds "9"]
[EventCountry "FRA"]
[SourceVersionDate "2022.07.14"]

1. e4 c5 2. Nf3 e6 3. b3 Nc6 4. Bb2 d6 5. d4 cxd4 6. Nxd4 Nxd4 7. Qxd4 Nf6 8.
Nc3 a6 9. O-O-O Qc7 10. f4 Nd7 11. Be2 Qc5 12. Qd2 b5 13. e5 d5 14. f5 Be7 15.
fxe6 fxe6 16. Rhf1 Rf8 17. Kb1 Rxf1 18. Rxf1 Nf8 19. Qf4 Kd8 20. Qf7 g5 21. Bd3
Bd7 22. Ne2 Be8 23. Qg8 Kd7 24. Nd4 Bg6 25. Bxg6 hxg6 26. Nxe6 Nxe6 27. Qxa8 d4
28. Qb7+ Nc7 29. Rd1 Qxe5 30. Rxd4+ Bd6 31. Qf3 Qe6 32. Ba3 1-0

[Event "Vaujany 2022 Principal"]
[Site "Vaujany"]
[Date "2022.07.15"]
[Round "2.6"]
[White "Geher, Koppany"]
[Black "Das, Arghyadip"]
[Result "1/2-1/2"]
[WhiteElo "2271"]
[BlackElo "2474"]
[PlyCount "43"]
[EventDate "2022.07.14"]
[EventType "swiss"]
[EventRounds "9"]
[EventCountry "FRA"]
[SourceVersionDate "2022.07.14"]

{[%evp 0,43,21,21,50,50,70,53,53,38,38,30,36,43,56,31,42,15,3,-8,19,16,16,22,
31,21,23,40,57,27,47,23,48,57,55,32,70,70,68,70,70,70,70,70,70,70]} 1. e4 c5 2.
Nf3 d6 3. d4 cxd4 4. Nxd4 Nf6 5. Nc3 Nc6 6. Bg5 e6 7. Bb5 Bd7 8. Qd3 h6 9. Bh4
Rc8 10. Bxc6 bxc6 11. O-O-O Be7 12. Nb3 d5 13. e5 Nh7 14. Bxe7 Qxe7 15. f4 c5
16. Qa6 c4 17. Nd4 Qc5 18. f5 Qb6 19. Qa3 Qc5 20. Qa6 Qb6 21. Qa3 Qc5 22. Qa6
1/2-1/2